01266nam a2200289 a 450000100100000000500170001000800410002704000250006808200220009310000400011524000570015524501140021225000110032626000530033730000280039049000550041850000350047350000740050850500320058270000250061470000240063970000320066383000620069504900090075795201930076699900170095900003539220200930074316.0111031s1958 mx a 000 0 spa d aDO-SdBNPbspacBNPHU axxxxbF829p, 19581 aFrankfort, Henri,d1897-195496121314aThe intellectual adventure of ancient manlEspañol 3aEl pensamiento prefilosófico /cH. y H. A. Frankfort, J. A. Wilson y T. Jacobsen ; traductor Eli de Gotari. a3a ed. aMéxico :bFondo de Cultura Económica,c1958. a286 p. :bil. ;c17 cm.1 aBravarios del fondo de cultura económicavno. 97 aTítulo original en inglés. aIncluye referencias bibliográficas y notas al pie de las páginas.0 gv. 1.tEgipto y Mesopotamia12aWilson, J. A.96121412aJacobsen, T.96121512aGotari, Edi de,etr.961216 0aBravarios del fondo de cultura económicavno. 97961217 aBNGR 001050718MOaGRbGRcCTd2011-10-31iLF1l0oxxxx F829p, 1958p35392-10r2020-06-25w2020-06-25y1zPerteneció a la biblioteca personal de Juan Isidro Jimenes GrullónZNo se presta c34883d34883